000 00283nam a22001217a 4500
008 260326b ||||| |||| 00| 0 eng d
041 _aeng
080 _a821.18
100 _a25
101 _aNgjarje
245 _aTales from old Shkodra
_cDugagjini Ballkan Books
942 _2udc
_cBK
999 _c60943
_d60943